000 00428nam a2200169Ia 4500
001 21405
003 IN-NITTTR
005 20251114233243.0
008 251113s9999||||xx |||||||||||||| ||eng||
040 _beng
040 _cIN-NITTTR
041 _aeng
082 _a530.41 F37P
100 _aFerendeci, Altan M.
245 0 _aPhysical foundations of solid state and electron devices /
_cFerendeci, Altan M.
942 _2ddc
_cBK
999 _c24035
_d24035